Constitucin̤ y procesos constitucionales Estudio introductorio, legislacin̤, jurisprudencia e n̕dices /

Bibliographic Details
Main Author: Abad Yupanqui, Samuel B.
Format: eBook
Language:Spanish
Published: Lima : Editorial Palestra, 2010
Subjects:
Online Access:Acceso restringido

MARC

LEADER 00000nam a22000007a 4500
005 20120705165150.0
007 cr|||| ||||
008 120705s2010 pe |||||s|||| 00||0 spa d
020 |a 978-612-4047-36-7 
035 |a 6407 
040 |a vLex  
090 |c 3268  |d 3268 
100 1 |a Abad Yupanqui, Samuel B. 
245 1 0 |a Constitucin̤ y procesos constitucionales  |h [Recurso electrn̤ico] :  |b Estudio introductorio, legislacin̤, jurisprudencia e n̕dices /  |c Samuel B. Abad Yupanqui  
256 |a Servicio en ln̕ea 
260 |a Lima :  |b Editorial Palestra,   |c 2010 
300 |a 1 recurso electrn̤ico 
506 1 |a Contenido solo disponible en los productos indicados  |d vLex Global   |d vLex Global (Academic Edition, excluding Law Schools)   |d vLex Global (U.S. Academic Edition, Law Schools)   |d vLex Global (U.S. Academic Edition, excluding Law Schools)   |d vLex Global (Academic Edition, Law Schools)  
650 0 4 |a Derecho constitucional  |z Colombia 
740 0 |a vLex Libros (Servicio en ln̕ea) 
856 4 0 |u http://vlex.com/source/constitucion-procesos-constitucionales-6407  |z Acceso restringido 
942 |c BOOK 
999 0 |a Constitucional law